00945nam a2200265 a 450000100060000000300080000600500170001400800410003102000150007203500190008704000230010604100080012908200260013710000380016324500760020126000540027730000380033135000110036950400300038065000450041065000340045594200120048999900170050195201610051856994BD-RjUL20211209080446.0161205s1989 caua b 001 0 eng  a0520021355 a(BD-RjUL)57118 aDLCcDLCdDLCbeng aeng00a294.538223bBHH 19891 aBhardwaj, Surinder Mohan.916937310aHindu places of pilgrimage in India :ba study in cultural geography. / aBerkeley :bUniversity of California Press,c1989 axviii, 258 p. :billus. ;c24 cm. a$12.00 aBibliography: p. 233-247. 0aPilgrims and pilgrimageszIndia.9169374 0aHindu shrineszIndia.9169375 2ddccBK c56994d56994 00102ddc40718NFICaRUCLbRUCLcReadingd1999-06-19edhaka, paragon Enterprice ltd.g93.00l0o294.538 BHH 1989r2016-12-05 00:00:00tC-1w2016-12-05yBK